<?xml version="1.0" encoding="UTF-8"?>
<record
    xmlns:xsi="http://www.w3.org/2001/XMLSchema-instance"
    xsi:schemaLocation="http://www.loc.gov/MARC21/slim http://www.loc.gov/standards/marcxml/schema/MARC21slim.xsd"
    xmlns="http://www.loc.gov/MARC21/slim">

  <leader>00750nam a22001337a 4500</leader>
  <datafield tag="040" ind1=" " ind2=" ">
    <subfield code="c">RUA</subfield>
  </datafield>
  <datafield tag="082" ind1=" " ind2=" ">
    <subfield code="a">AED SOR 2016 B650 Or.1</subfield>
  </datafield>
  <datafield tag="100" ind1=" " ind2=" ">
    <subfield code="a">SORN CHHORVORN &#x179F;&#x17CA;&#x1793; &#x1786;&#x179C;&#x17D0;&#x178E;</subfield>
  </datafield>
  <datafield tag="245" ind1=" " ind2=" ">
    <subfield code="a">the study on extension of biogas by cedac organization in khchas commune, sonikhom district, seam ream &#x1780;&#x17B6;&#x179A;&#x179F;&#x17B7;&#x1780;&#x17D2;&#x179F;&#x17B6;&#x179A;&#x17A2;&#x17C6;&#x1796;&#x17B8;&#x1780;&#x17B6;&#x179A;&#x1795;&#x17D2;&#x179F;&#x1796;&#x17D2;&#x179C;&#x1795;&#x17D2;&#x179F;&#x17B6;&#x1799;&#x17A1;&#x1787;&#x17B8;&#x179C;&#x17A7;&#x179F;&#x17D2;&#x1798;&#x17D0;&#x1793;&#x179A;&#x1794;&#x179F;&#x17CB;&#x17A2;&#x1784;&#x17D2;&#x1782;&#x1780;&#x17B6;&#x179A; CEDAC &#x1793;&#x17C5;&#x1783;&#x17BB;&#x17C6;&#x1781;&#x17D2;&#x1798;&#x17B6;&#x179F;&#x17CB; &#x179F;&#x17D2;&#x179A;&#x17BB;&#x1780;&#x179F;&#x17BC;&#x1791;&#x17D2;&#x179A;&#x1793;&#x17B7;&#x1782;&#x1798;&#x1793;&#x17CD; &#x1781;&#x17C1;&#x178F;&#x17D2;&#x178F;&#x179F;&#x17C0;&#x1798;&#x179A;&#x17B6;&#x1798;</subfield>
  </datafield>
  <datafield tag="260" ind1=" " ind2=" ">
    <subfield code="a">RUA</subfield>
    <subfield code="b">Phnom penh</subfield>
    <subfield code="c">2016</subfield>
  </datafield>
  <datafield tag="300" ind1=" " ind2=" ">
    <subfield code="a">ix;41p</subfield>
    <subfield code="b">ill;</subfield>
    <subfield code="c">29cm</subfield>
  </datafield>
  <datafield tag="856" ind1=" " ind2=" ">
    <subfield code="u">https://drive.google.com/file/d/1QJ7LISz-uNBcLxIDp0XqujYdrzHXh2wO/view?usp=sharing</subfield>
  </datafield>
  <datafield tag="942" ind1=" " ind2=" ">
    <subfield code="c">AED</subfield>
  </datafield>
  <datafield tag="999" ind1=" " ind2=" ">
    <subfield code="c">18391</subfield>
    <subfield code="d">18391</subfield>
  </datafield>
  <datafield tag="952" ind1=" " ind2=" ">
    <subfield code="0">0</subfield>
    <subfield code="1">0</subfield>
    <subfield code="2">ddc</subfield>
    <subfield code="4">0</subfield>
    <subfield code="6">AED_SOR_2016_000000000000000_B650_OR_1</subfield>
    <subfield code="7">0</subfield>
    <subfield code="9">82352</subfield>
    <subfield code="a">LBB</subfield>
    <subfield code="b">LBB</subfield>
    <subfield code="c">B650</subfield>
    <subfield code="d">2019-11-15</subfield>
    <subfield code="o">AED SOR 2016 B650 Or.1</subfield>
    <subfield code="p">A42048</subfield>
    <subfield code="r">2019-11-15</subfield>
    <subfield code="w">2019-11-15</subfield>
    <subfield code="y">AED</subfield>
  </datafield>
  <datafield tag="952" ind1=" " ind2=" ">
    <subfield code="0">0</subfield>
    <subfield code="1">0</subfield>
    <subfield code="2">ddc</subfield>
    <subfield code="4">0</subfield>
    <subfield code="6">AED_SOR_2016_000000000000000_B650_OR_2</subfield>
    <subfield code="7">0</subfield>
    <subfield code="9">82353</subfield>
    <subfield code="a">LBB</subfield>
    <subfield code="b">LBB</subfield>
    <subfield code="c">B650</subfield>
    <subfield code="d">2019-11-15</subfield>
    <subfield code="o">AED SOR 2016 B650 Or.2</subfield>
    <subfield code="p">A42125</subfield>
    <subfield code="r">2019-11-15</subfield>
    <subfield code="w">2019-11-15</subfield>
    <subfield code="y">AED</subfield>
  </datafield>
  <datafield tag="952" ind1=" " ind2=" ">
    <subfield code="0">0</subfield>
    <subfield code="1">0</subfield>
    <subfield code="2">ddc</subfield>
    <subfield code="4">0</subfield>
    <subfield code="6">AED_SOR_2016_000000000000000_B650_OR_3</subfield>
    <subfield code="7">0</subfield>
    <subfield code="9">82354</subfield>
    <subfield code="a">LBB</subfield>
    <subfield code="b">LBB</subfield>
    <subfield code="c">B650</subfield>
    <subfield code="d">2019-11-15</subfield>
    <subfield code="o">AED SOR 2016 B650 Or.3</subfield>
    <subfield code="p">A42428</subfield>
    <subfield code="r">2019-11-15</subfield>
    <subfield code="w">2019-11-15</subfield>
    <subfield code="y">AED</subfield>
  </datafield>
  <datafield tag="952" ind1=" " ind2=" ">
    <subfield code="0">0</subfield>
    <subfield code="1">0</subfield>
    <subfield code="2">ddc</subfield>
    <subfield code="4">0</subfield>
    <subfield code="6">AED_SOR_2016_000000000000000_B650_OR_4</subfield>
    <subfield code="7">0</subfield>
    <subfield code="9">82355</subfield>
    <subfield code="a">LBB</subfield>
    <subfield code="b">LBB</subfield>
    <subfield code="c">B650</subfield>
    <subfield code="d">2019-11-15</subfield>
    <subfield code="o">AED SOR 2016 B650 Or.4</subfield>
    <subfield code="p">A42205</subfield>
    <subfield code="r">2019-11-15</subfield>
    <subfield code="w">2019-11-15</subfield>
    <subfield code="y">AED</subfield>
  </datafield>
  <datafield tag="952" ind1=" " ind2=" ">
    <subfield code="0">0</subfield>
    <subfield code="1">0</subfield>
    <subfield code="2">ddc</subfield>
    <subfield code="4">0</subfield>
    <subfield code="6">AED_SOR_2016_000000000000000_B650_OR_5</subfield>
    <subfield code="7">0</subfield>
    <subfield code="9">82356</subfield>
    <subfield code="a">LBB</subfield>
    <subfield code="b">LBB</subfield>
    <subfield code="c">B650</subfield>
    <subfield code="d">2019-11-15</subfield>
    <subfield code="o">AED SOR 2016 B650 Or.5</subfield>
    <subfield code="p">A42130</subfield>
    <subfield code="r">2019-11-15</subfield>
    <subfield code="w">2019-11-15</subfield>
    <subfield code="y">AED</subfield>
  </datafield>
  <datafield tag="952" ind1=" " ind2=" ">
    <subfield code="0">0</subfield>
    <subfield code="1">0</subfield>
    <subfield code="2">ddc</subfield>
    <subfield code="4">0</subfield>
    <subfield code="6">AED_SOR_2016_000000000000000_B650_OR_6</subfield>
    <subfield code="7">0</subfield>
    <subfield code="9">82357</subfield>
    <subfield code="a">LBB</subfield>
    <subfield code="b">LBB</subfield>
    <subfield code="c">B650</subfield>
    <subfield code="d">2019-11-15</subfield>
    <subfield code="o">AED SOR 2016 B650 Or.6</subfield>
    <subfield code="p">A42055</subfield>
    <subfield code="r">2019-11-15</subfield>
    <subfield code="w">2019-11-15</subfield>
    <subfield code="y">AED</subfield>
  </datafield>
</record>
